[Event "EU-ch U12 18th"]
[Site "Herceg Novi"]
[Date "2008.09.17"]
[Round "3"]
[White "Purenne, Benoit"]
[Black "Monev, Aleksandar"]
[Result "1-0"]
[WhiteElo "1888"]
[BlackElo "2087"]
[PlyCount "69"]
[EventDate "2008.09.15"]
[EventType "swiss"]
[EventRounds "9"]
[EventCountry "MNE"]
[SourceTitle "CBM 126 Extra"]
[Source "ChessBase"]
[SourceDate "2008.11.05"]
[SourceVersion "1"]
[SourceVersionDate "2008.11.05"]
[SourceQuality "1"]

1. e4 c5 2. Nc3 e6 3. Nf3 a6 4. d4 cxd4 5. Nxd4 b5 6. g3 Bb7 7. Bg2 Nf6 8. Bg5 Be7 9. 0-0 b4 10. Bxf6 Bxf6 11. Nce2 0-0 12. f4 d6 13. Qd2 Qb6 14. Kh1 Nd7 15. Rad1 Rad8 16. g4 Nc5 17. Ng3 Bh4 18. Rfe1 Rfe8 19. Re2 a5 20. b3 Bxg3 21. hxg3 d5 22. e5 Ba6 23. Ree1 Ne4 24. Bxe4 dxe4 25. Qe3 Qc5 26. Qxe4 Qc7 27. Kh2 Re7 28. Nc6 Red7 29. Nxd8 Rxd8 30. Rxd8+ Qxd8 31. Rd1 Qf8 32. Rd6 Bf1 33. Qd4 Bb5 34. Rd8 Be8 35. Qd6 1-0

[Event "EU-ch U12 18th"]
[Site "Herceg Novi"]
[Date "2008.09.15"]
[Round "1"]
[White "Balacianu, Alexandru George"]
[Black "Monev, Aleksandar"]
[Result "0-1"]
[WhiteElo "1708"]
[BlackElo "2087"]
[PlyCount "46"]
[EventDate "2008.09.15"]
[EventType "swiss"]
[EventRounds "9"]
[EventCountry "MNE"]
[SourceTitle "CBM 126 Extra"]
[Source "ChessBase"]
[SourceDate "2008.11.05"]
[SourceVersion "1"]
[SourceVersionDate "2008.11.05"]
[SourceQuality "1"]

1. d4 Nf6 2. Bg5 Ne4 3. Bf4 d5 4. e3 Bf5 5. Bd3 e6 6. f3 Nd6 7. Nc3 c6 8. e4 Bg6 9. Nge2 Be7 10. b3 0-0 11. Qd2 b5 12. e5 Nf5 13. a3 f6 14. 0-0 Nd7 15. Bxf5 Bxf5 16. b4 a6 17. Ng3 fxe5 18. dxe5 Kh8 19. Nxf5 Rxf5 20. Rfe1 Nb6 21. g4 Nc4 22. Qd4 c5 23. bxc5 Qf8 0-1

[Event "Varna op U16"]
[Site "Varna"]
[Date "2008.07.04"]
[Round "6"]
[White "Monev, Aleksandar"]
[Black "Davidchik, Alexandr"]
[Result "0-1"]
[WhiteElo "2038"]
[BlackElo "1928"]
[PlyCount "110"]
[EventDate "2008.06.29"]
[EventType "swiss"]
[EventRounds "7"]
[EventCountry "BUL"]
[SourceTitle "CBM 125 Extra"]
[Source "ChessBase"]
[SourceDate "2008.09.01"]
[SourceVersion "1"]
[SourceVersionDate "2008.09.01"]
[SourceQuality "1"]

1. e4 d5 2. exd5 Nf6 3. Nf3 Nxd5 4. d4 g6 5. Be2 Bg7 6. 0-0 0-0 7. h3 Nc6 8. c4 Nb6 9. Be3 e5 10. d5 Ne7 11. Nc3 Nf5 12. Bc5 Re8 13. Ne4 Nd6 14. Nfd2 f5 15. Nc3 Nd7 16. Ba3 e4 17. c5 Nf7 18. Nc4 Nde5 19. Qb3 Qh4 20. Nd2 Kh8 21. f4 Nd7 22. Nb5 Rb8 23. Nxc7 Rg8 24. d6 Bd4+ 25. Kh1 Nd8 26. Qc4 Bg7 27. Nd5 Nc6 28. Rad1 Nf8 29. Nc7 g5 30. fxg5 Qxg5 31. Nxe4 fxe4 32. Qxe4 Be5 33. Rd3 Ng6 34. Nd5 Nh4 35. g4 Ng6 36. Ne7 Ncxe7 37. dxe7 Nxe7 38. b4 b6 39. c6 Nxc6 40. Bc1 Qg7 41. Kg1 Nd4 42. Re3 Nxe2+ 43. Rxe2 Bd4+ 44. Be3 Bxe3+ 45. Rxe3 Bb7 46. Qe6 Rgf8 47. Rfe1 Qf7 48. Qe5+ Kg8 49. Qg5+ Qg7 50. Qb5 Rbc8 51. Qd3 Qf7 52. Qe2 Qd5 53. Re4 Qxe4 54. Qxe4 Bxe4 55. Rxe4 Rc2 0-1

[Event "Varna op U16"]
[Site "Varna"]
[Date "2008.07.02"]
[Round "4"]
[White "Monev, Aleksandar"]
[Black "Janev, Pavel"]
[Result "0-1"]
[WhiteElo "2038"]
[BlackElo "1958"]
[PlyCount "78"]
[EventDate "2008.06.29"]
[EventType "swiss"]
[EventRounds "7"]
[EventCountry "BUL"]
[SourceTitle "CBM 125 Extra"]
[Source "ChessBase"]
[SourceDate "2008.09.01"]
[SourceVersion "1"]
[SourceVersionDate "2008.09.01"]
[SourceQuality "1"]

1. c4 e5 2. Nc3 Nf6 3. g3 c6 4. e4 Bc5 5. Bg2 d6 6. h3 Be6 7. d3 d5 8. exd5 cxd5 9. Bg5 d4 10. Ne4 Bb4+ 11. Bd2 Bxd2+ 12. Qxd2 Nbd7 13. Nd6+ Kf8 14. Nxb7 Qc7 15. Nc5 Nxc5 16. Bxa8 Bf5 17. Ne2 Ke7 18. Bg2 Nxd3+ 19. Kf1 Qxc4 20. Kg1 h6 21. Kh2 Ne4 22. Bxe4 Bxe4 23. Rhc1 Nxc1 24. Rxc1 Qd5 25. Qb4+ Qd6 26. Qa5 Rd8 27. Qxa7+ Rd7 28. Qa4 Rc7 29. Rxc7+ Qxc7 30. Qb4+ Qd6 31. Qd2 Bc6 32. Ng1 Qd5 33. f3 e4 34. Qe2 f5 35. a4 d3 36. Qd2 Qc5 37. Qf4 exf3 38. Qc7+ Kf6 39. Qd8+ Kg6 0-1

[Event "EU-ch 9th"]
[Site "Plovdiv"]
[Date "2008.05.01"]
[Round "10"]
[White "Gajewski, Grzegorz"]
[Black "Monev, Aleksandar"]
[Result "1-0"]
[WhiteElo "2601"]
[BlackElo "2038"]
[PlyCount "99"]
[EventDate "2008.04.21"]
[EventType "swiss"]
[EventRounds "11"]
[EventCountry "BUL"]
[SourceTitle "CBM 124"]
[Source "ChessBase"]
[SourceDate "2008.05.28"]
[SourceVersion "1"]
[SourceVersionDate "2008.05.28"]
[SourceQuality "1"]

1. d4 Nf6 2. c4 e6 3. Nc3 Bb4 4. Qc2 d5 5. a3 Bxc3+ 6. Qxc3 Ne4 7. Qc2 Nc6 8. e3 e5 9. cxd5 Qxd5 10. f3 Nf6 11. dxe5 Nxe5 12. e4 Qc6 13. Qxc6+ Nxc6 14. Bf4 Nd4 15. 0-0-0 Ne6 16. Be3 Bd7 17. Ne2 0-0-0 18. Nc3 Bc6 19. Bc4 Kb8 20. Rxd8+ Rxd8 21. h4 h6 22. g4 Nd7 23. Rd1 Ne5 24. Bxe6 Rxd1+ 25. Kxd1 fxe6 26. Ke2 Nc4 27. Bc1 e5 28. b3 Na5 29. b4 Nb3 30. Be3 Nd4+ 31. Kf2 b6 32. Bxd4 exd4 33. Ne2 d3 34. Nc3 Kc8 35. Ke3 g5 36. h5 Kd7 37. Kxd3 Ke6 38. Kd4 a6 39. Nd5 Kd6 40. Ne3 Ba4 41. Nf5+ Ke6 42. Nxh6 Bd1 43. Nf5 Kf7 44. e5 Bxf3 45. e6+ Kf6 46. e7 Bc6 47. h6 Kg6 48. Ng7 Kxh6 49. e8Q Bxe8 50. Nxe8 1-0